00463nam a2200157Ia 450000500170000000800410001708200130005810000150007124500220008626000420010830000090015050000260015994200060018595200990019199900150029020250319140156.0240331s9999 xx 000 0 und d bPERa894 aPeran, N.K 0aPeran kavithaikal aNelliyadibSharmila Pathippagamc1989 a5390 aA collection of poems cL 001040708LaWERCLbWERCLcSSCd2024-03-31l0o 894.811 PERp5390r2024-03-31w2024-03-31yL c3732d3732